01437nab a22002897a 4500999001500000003000400015005001700019008004100036040000700077100003800084245017300122260007300295300001100368500004200379505023800421505009000659650003100749650002800780650004200808650002500850650002700875650003200902650002800934650002600962773014600988942001301134 c5408d5408OSt20250312095331.0190604e xxu||||| |||| 00| 0 spa d cPJ 96436aFernández Pego, Guillermo13aLa evolución histórica, política y judicial de los decretos de necesidad y urgencia desde un enfoque constitucional y parlamentario /cGuillermo Fernández Pego. aCiudad Autónoma de Buenos Aires :bThomson Reuters La Ley, c2024. ap. 50- aCita Online: TR LALEY AR/DOC/1528/24. aSumario: I. Introducción.— II. Estado de situación.— III. Desarrollo.— IV. La Comisión Bicameral y su control. Ley 26.122.— V. Conclusión.— VI. Bibliografía.— VII. Jurisprudencia.— VIII. Páginas de internet. t¿Te interesa el texto completo? Solicitalo al correo: koha@justierradelfuego.gov.ar  09766aCONSTITUCION NACIONAL 0aCONSTITUCION EXTRANJERA 09200aDECRETOS DE NECESIDAD Y URGENCIA 09761aPODER EJECUTIVO 09186aPODER LEGISLATIVO 094531aDECRETO REGLAMENTARIO 096437aSANCION DE LA LEY 094193aPROYECTO DE LEY0 0271493171dCiudad Autónoma de Buenos Aires : Thomson Reuters La Ley, 2014-tRevista anales de legislación argentina. Nº 7 - Julio 2024. 2udccANA